| 000 | 00684nam a2200193Ia 4500 | ||
|---|---|---|---|
| 003 | LDD | ||
| 008 | 190117s9999 xx 000 0 und d | ||
| 020 |
_a9788180316012 _c₹225 |
||
| 040 | _cLDD | ||
| 041 | _ahi | ||
| 082 | _a8H3.7 ना1664पाँ | ||
| 100 | _aनागर, अमृतलाल | ||
| 245 | 0 |
_aपाँचवाँ दस्ता और सात कहानियाँ _cअमृतलाल नागर |
|
| 260 |
_aनई दिल्ली _bलोकभारती प्रकाशन _c2011 |
||
| 300 | _a152 | ||
| 901 | _aAAKAR | ||
| 904 | _aReqst by : J.M. Parakh | ||
| 942 |
_2ddc _cH |
||
| 999 |
_c162176 _d162176 |
||